[Event "Asuncion Clasificatorio op"]
[Site "Asuncion"]
[Date "2013.09.03"]
[Round "3.3"]
[White "Forte, Fernando"]
[Black "Uribe, Gabriel"]
[Result "1-0"]
[WhiteElo "2008"]
[BlackElo "1883"]
[PlyCount "87"]
[EventDate "2013.08.30"]
[EventType "swiss"]
[EventRounds "9"]
[EventCountry "PAR"]
[SourceTitle "EXT 2023"]
[Source "ChessBase"]
[SourceDate "2022.10.05"]
[SourceVersion "1"]
[SourceVersionDate "2022.10.05"]
[SourceQuality "1"]

1. c4 c5 2. Nf3 Nc6 3. d4 cxd4 4. Nxd4 Nf6 5. Nc3 d6 6. g3 Bd7 7. Bg2 Rc8 8. 0-0 a6 9. b3 e6 10. Bb2 Be7 11. Qd2 Qc7 12. Rfd1 Nxd4 13. Qxd4 Bc6 14. e4 0-0 15. Rac1 Qb8 16. Re1 Rfd8 17. Nd5 Bxd5 18. exd5 e5 19. Qd2 Nd7 20. f4 Bf6 21. Bh3 Rc7 22. Bxd7 Rcxd7 23. Re4 Re8 24. Rce1 Rde7 25. fxe5 dxe5 26. d6 Re6 27. c5 b6 28. b4 bxc5 29. bxc5 Qb5 30. Ba3 Qc6 31. Qb4 Bd8 32. Qa4 Qd5 33. Rxe5 Qxe5 34. Rxe5 Rxe5 35. Qd7 g5 36. Bb4 h5 37. c6 Bb6+ 38. Kh1 g4 39. h4 Re1+ 40. Bxe1 Rxe1+ 41. Kg2 Rg1+ 42. Kh2 Re1 43. c7 Re2+ 44. Kh1 1-0

[Event "Asuncion Clasificatorio op"]
[Site "Asuncion"]
[Date "2013.09.01"]
[Round "2.4"]
[White "Rubiani, Oscar"]
[Black "Forte, Fernando"]
[Result "1/2-1/2"]
[WhiteElo "1804"]
[BlackElo "2008"]
[PlyCount "33"]
[EventDate "2013.08.30"]
[EventType "swiss"]
[EventRounds "9"]
[EventCountry "PAR"]
[SourceTitle "EXT 2023"]
[Source "ChessBase"]
[SourceDate "2022.10.05"]
[SourceVersion "1"]
[SourceVersionDate "2022.10.05"]
[SourceQuality "1"]

1. e4 e5 2. Nf3 Nf6 3. Nxe5 d6 4. Nf3 Nxe4 5. d4 d5 6. Be2 Bd6 7. Nbd2 0-0 8. c4 c6 9. 0-0 Re8 10. Re1 Nxd2 11. Bxd2 Be6 12. c5 Be7 13. b4 Nd7 14. Qc2 Bg4 15. Bf4 Nf6 16. Ne5 Bxe2 17. Rxe2 1/2-1/2

[Event "Asuncion IRT Sub 2200"]
[Site "Asuncion"]
[Date "2013.06.08"]
[Round "4.4"]
[White "Forte, Fernando"]
[Black "Genes Paredes, Dhara Camila"]
[Result "1-0"]
[WhiteElo "2024"]
[BlackElo "1449"]
[PlyCount "45"]
[EventDate "2013.06.07"]
[EventType "swiss"]
[EventRounds "7"]
[EventCountry "PAR"]
[SourceTitle "EXT 2023"]
[Source "ChessBase"]
[SourceDate "2022.10.05"]
[SourceVersion "1"]
[SourceVersionDate "2022.10.05"]
[SourceQuality "1"]

1. d4 Nf6 2. c4 e6 3. Nc3 Bb4 4. e3 Bxc3+ 5. bxc3 0-0 6. Bd3 d6 7. e4 e5 8. Ne2 Re8 9. f3 Nc6 10. Bg5 h6 11. Bh4 g5 12. Bf2 Kg7 13. h4 Rh8 14. Qd2 Nh7 15. 0-0-0 f6 16. g3 Rf8 17. Rh2 f5 18. Rdh1 g4 19. Be3 Rf6 20. Bg5 Nxg5 21. hxg5 Rg6 22. exf5 Rxg5 23. Rxh6 1-0

[Event "Asuncion IRT Faustino Paniagua"]
[Site "Asuncion"]
[Date "2011.07.15"]
[Round "5.1"]
[White "Apuril, Jose"]
[Black "Forte, Fernando"]
[Result "1/2-1/2"]
[WhiteElo "1855"]
[BlackElo "2021"]
[PlyCount "36"]
[EventDate "2011.07.11"]
[EventType "swiss"]
[EventRounds "5"]
[EventCountry "PAR"]
[SourceTitle "EXT 2023"]
[Source "ChessBase"]
[SourceDate "2022.10.05"]
[SourceVersion "1"]
[SourceVersionDate "2022.10.05"]
[SourceQuality "1"]

1. d4 Nf6 2. Nf3 g6 3. Bf4 Bg7 4. h3 0-0 5. e3 d6 6. Be2 Nc6 7. 0-0 Nd7 8. Bh2 e5 9. Bb5 exd4 10. exd4 a6 11. Bc4 Nb6 12. Be2 Qf6 13. c3 Nd5 14. Qd2 b5 15. Na3 Bd7 16. Rfd1 Nb6 17. Bf1 Qd8 18. c4 bxc4 1/2-1/2

[Event "Asuncion IRT Faustino Paniagua"]
[Site "Asuncion"]
[Date "2011.07.13"]
[Round "3.1"]
[White "Roman, Rodrigo"]
[Black "Forte, Fernando"]
[Result "1/2-1/2"]
[WhiteElo "2016"]
[BlackElo "2021"]
[PlyCount "20"]
[EventDate "2011.07.11"]
[EventType "swiss"]
[EventRounds "5"]
[EventCountry "PAR"]
[SourceTitle "EXT 2023"]
[Source "ChessBase"]
[SourceDate "2022.10.05"]
[SourceVersion "1"]
[SourceVersionDate "2022.10.05"]
[SourceQuality "1"]

1. e4 c5 2. Nc3 e6 3. g3 a6 4. Bg2 Nc6 5. d3 b5 6. a3 Bb7 7. Nge2 d6 8. Be3 Nf6 9. h3 Be7 10. 0-0 0-0 1/2-1/2

[Event "Asuncion IRT Faustino Paniagua"]
[Site "Asuncion"]
[Date "2011.07.11"]
[Round "1.1"]
[White "Laterza, Martin"]
[Black "Forte, Fernando"]
[Result "0-1"]
[WhiteElo "1583"]
[BlackElo "2021"]
[PlyCount "92"]
[EventDate "2011.07.11"]
[EventType "swiss"]
[EventRounds "5"]
[EventCountry "PAR"]
[SourceTitle "EXT 2023"]
[Source "ChessBase"]
[SourceDate "2022.10.05"]
[SourceVersion "1"]
[SourceVersionDate "2022.10.05"]
[SourceQuality "1"]

1. e4 c5 2. Nc3 Nc6 3. Bb5 Nd4 4. d3 Nxb5 5. Nxb5 d6 6. f4 a6 7. Nc3 e6 8. Nf3 Nf6 9. 0-0 Be7 10. Qe1 0-0 11. h3 b5 12. g4 Bb7 13. g5 Ne8 14. Qh4 b4 15. Nd1 d5 16. Nf2 Nd6 17. e5 Nf5 18. Qg4 Qb6 19. Rd1 Nd4 20. Ne1 c4 21. Be3 Bc5 22. Kf1 Nf5 23. Bxc5 Qxc5 24. Ng2 Rac8 25. c3 bxc3 26. bxc3 cxd3 27. Rxd3 d4 28. cxd4 Qc4 29. Qd1 Rfd8 30. Kg1 Nxd4 31. Ne1 Ba8 32. a4 Nc6 33. Rc1 Rxd3 34. Rxc4 Rxd1 35. Nxd1 Rd8 36. Nf2 Rd4 37. Rxd4 Nxd4 38. Nfd3 Bc6 39. a5 Bb5 40. Kf2 Nb3 41. Nb4 Nxa5 42. Nec2 Kf8 43. Na3 Ke7 44. Nxb5 axb5 45. Ke3 Kd7 46. Kd4 Nc6+ 0-1

[Event "PAR-ch"]
[Site "Asuncion"]
[Date "2008.06.22"]
[Round "8"]
[White "Forte, Fernando"]
[Black "Sartori, Spartaco"]
[Result "0-1"]
[WhiteElo "1966"]
[BlackElo "2182"]
[PlyCount "66"]
[EventDate "2008.05.31"]
[EventType "swiss"]
[EventRounds "11"]
[EventCountry "PAR"]
[SourceTitle "EXT 2009"]
[Source "ChessBase"]
[SourceDate "2008.11.26"]
[SourceVersion "1"]
[SourceVersionDate "2008.11.26"]
[SourceQuality "1"]

1. e4 e5 2. Nf3 Nc6 3. d4 exd4 4. Nxd4 Nf6 5. Nc3 Nxe4 6. Nxe4 Qe7 7. Be2 Qxe4 8. Nb5 Bb4+ 9. Bd2 Qxg2 10. Rf1 Qxh2 11. Bxb4 Nxb4 12. Qd2 a6 13. Nd4 Nc6 14. 0-0-0 Nxd4 15. Qxd4 Qh6+ 16. Kb1 Qf6 17. Qc5 Kd8 18. Rd3 b6 19. Qd5 c6 20. Qb3 Kc7 21. Bf3 Bb7 22. Rfd1 Rad8 23. Rd6 Qf5 24. Bg2 Qxf2 25. Bh3 Bc8 26. Qc3 f6 27. b4 Rhe8 28. b5 Qe3 29. Qc4 axb5 30. Qg4 Re7 31. R1d3 Qc5 32. Qd1 Qb4+ 33. Ka1 Re1 0-1

[Event "PAR-ch"]
[Site "Asuncion"]
[Date "2008.06.15"]
[Round "6"]
[White "Piris Tillner, Eduardo"]
[Black "Forte, Fernando"]
[Result "1/2-1/2"]
[WhiteElo "1909"]
[BlackElo "1966"]
[PlyCount "82"]
[EventDate "2008.05.31"]
[EventType "swiss"]
[EventRounds "11"]
[EventCountry "PAR"]
[SourceTitle "CBM 124 Extra"]
[Source "ChessBase"]
[SourceDate "2008.07.03"]
[SourceVersion "1"]
[SourceVersionDate "2008.07.03"]
[SourceQuality "1"]

1. d4 d5 2. Nf3 Nf6 3. Bg5 g6 4. Nbd2 Bg7 5. e3 0-0 6. Be2 Nbd7 7. 0-0 c5 8. c3 b6 9. a4 Bb7 10. Qb3 h6 11. Bh4 g5 12. Bg3 Nh5 13. a5 Nxg3 14. hxg3 Qc7 15. a6 Bc6 16. Bb5 Bxb5 17. Qxb5 Rad8 18. b4 e5 19. bxc5 bxc5 20. Qb7 Rc8 21. Qxd5 Rfd8 22. Rfb1 Nb6 23. Qe4 exd4 24. cxd4 cxd4 25. exd4 Qd6 26. Nb3 Nd5 27. Rc1 Rxc1+ 28. Rxc1 Qxa6 29. Nc5 Qa3 30. Re1 Qb2 31. Rb1 Qa2 32. Rb7 Nf6 33. Qb1 Qxb1+ 34. Rxb1 a5 35. Ra1 Ra8 36. Ra4 Nd5 37. Nb3 Nc3 38. Rxa5 Rxa5 39. Nxa5 Ne2+ 40. Kf1 Nxd4 41. Nxd4 Bxd4 1/2-1/2

[Event "PAR-ch"]
[Site "Asuncion"]
[Date "2008.05.31"]
[Round "1"]
[White "Forte, Fernando"]
[Black "Butti, Enrique"]
[Result "0-1"]
[WhiteElo "1966"]
[BlackElo "2093"]
[PlyCount "108"]
[EventDate "2008.05.31"]
[EventType "swiss"]
[EventRounds "11"]
[EventCountry "PAR"]
[SourceTitle "CBM 124 Extra"]
[Source "ChessBase"]
[SourceDate "2008.07.03"]
[SourceVersion "1"]
[SourceVersionDate "2008.07.03"]
[SourceQuality "1"]

1. e4 c5 2. c3 e6 3. d4 d5 4. exd5 Qxd5 5. Nf3 Nf6 6. Be2 Nc6 7. 0-0 cxd4 8. cxd4 Be7 9. Nc3 Qd6 10. Nb5 Qd8 11. Bf4 Nd5 12. Bg3 a6 13. Nc3 Nxc3 14. bxc3 Bf6 15. Rb1 0-0 16. Qc2 b5 17. a4 bxa4 18. Qxa4 Qd7 19. Qa2 a5 20. Rb6 Bd8 21. Rb2 Ba6 22. Bxa6 Rxa6 23. Rfb1 a4 24. Rb7 Qc8 25. Bd6 Re8 26. Qc4 Qa8 27. Qb5 Bf6 28. Ba3 h6 29. h3 Be7 30. d5 exd5 31. Qxd5 Nd8 32. Bxe7 Nxb7 33. Qxb7 Qxb7 34. Rxb7 a3 35. Bxa3 Rxa3 36. Rc7 Ra1+ 37. Kh2 Rf1 38. c4 Rxf2 39. Nd4 Re4 40. Kg3 Ra2 41. Rc8+ Kh7 42. Nb5 Ree2 43. c5 Rxg2+ 44. Kf4 g5+ 45. Kf5 Raf2+ 46. Ke5 Re2+ 47. Kd6 Re6+ 48. Kd5 Rd2+ 49. Nd4 Re3 50. Rd8 Rxh3 51. Rd7 Kg6 52. c6 Rc3 53. c7 g4 54. Ke4 Rc4 0-1